| 000 | 01017cam a2200265 a 4500 | ||
|---|---|---|---|
| 001 | 3072 | ||
| 005 | 20240202120423.0 | ||
| 020 | _a9781410967688 | ||
| 040 |
_aDLC _cDLC _dDLC _beng |
||
| 050 | 0 | 0 |
_aPZ8.G947 _b 2013 |
| 082 | 0 | 0 | _a398.2 |
| 100 | 1 | _aGuillain, Charlotte | |
| 245 | 1 | 4 |
_aThe poodle and the pea / _cwritten by Charlotte Guillain ; illustrated by Dawn Beacon. |
| 260 |
_aChicago, Illinois : _bRaintree, _c2013 |
||
| 300 |
_a24 pages : _bcolor illustrations ; _c26 cm . |
||
| 490 | 0 | _aAnimal fairy tales | |
| 505 | _aN | ||
| 520 | _aA simplified version of the familiar tale featuring a young poodle who has been lost in the woods then finds shelter in a palace where, by feeling a pea through many blankets, she proves that she is a real princess. Includes a note on the history of the tale. | ||
| 521 |
_a560
_bLexile |
||
| 521 |
_aN
_bRaz-Plus |
||
| 650 | 1 |
_adog _vfairy tales |
|
| 700 | 1 | _aBeacon, Dawn | |
| 906 |
_a7 _bcbc _corignew _d1 _eecip _f20 _gy-gencatlg |
||
| 942 |
_2ddc _cBK _n0 |
||
| 999 |
_c3072 _d3072 |
||